Clinical handbook for Olds' maternal-newborn nursing & women's health across the lifespan / (Record no. 26224)
[ view plain ]
| 000 -LEADER | |
|---|---|
| fixed length control field | 01672cam a22003375a 4500 |
| 001 - CONTROL NUMBER | |
| control field | ocm77572942 |
| 003 - CONTROL NUMBER IDENTIFIER | |
| control field | OSt |
| 005 - DATE AND TIME OF LATEST TRANSACTION | |
| control field | 20180304144526.0 |
| 008 - FIXED-LENGTH DATA ELEMENTS--GENERAL INFORMATION | |
| fixed length control field | 061228t2012 nju frbf 001 0 eng d |
| 020 ## - INTERNATIONAL STANDARD BOOK NUMBER | |
| International Standard Book Number | 9780132118491 |
| 020 ## - INTERNATIONAL STANDARD BOOK NUMBER | |
| International Standard Book Number | 0132118491 |
| 040 ## - CATALOGING SOURCE | |
| Original cataloging agency | DNLM/DLC |
| Transcribing agency | DLC |
| Modifying agency | IG# |
| -- | BTCTA |
| -- | NLM |
| -- | BAKER |
| -- | YDXCP |
| -- | NRM |
| -- | EG-ScBUE |
| Language of cataloging | eng |
| 082 04 - DEWEY DECIMAL CLASSIFICATION NUMBER | |
| Edition number | 22 |
| Classification number | 618.20231 |
| Item number | LAD |
| 100 1# - MAIN ENTRY--PERSONAL NAME | |
| Personal name | Ladewig, Patricia W. |
| 245 10 - TITLE STATEMENT | |
| Title | Clinical handbook for Olds' maternal-newborn nursing & women's health across the lifespan / |
| Statement of responsibility, etc | Patricia A. Wieland Ladewig, Marcia L. London, Michele R. Davidson. |
| 246 3# - VARYING FORM OF TITLE | |
| Title proper/short title | Clinical handbook for Olds' maternal-newborn nursing and women's health across the lifespan |
| 250 ## - EDITION STATEMENT | |
| Edition statement | 9th ed. |
| 260 ## - PUBLICATION, DISTRIBUTION, ETC. (IMPRINT) | |
| Place of publication, distribution, etc | Upper Saddle River : |
| Name of publisher, distributor, etc | Person Education / Prentice Hall, |
| Date of publication, distribution, etc | c.2012. |
| 300 ## - PHYSICAL DESCRIPTION | |
| Extent | vi, 426 p. : |
| Other physical details | ill. ; |
| Dimensions | 18 cm. |
| 500 ## - GENERAL NOTE | |
| General note | Rev. ed. of: Clinical handbook for maternal-newborn nursing & women's health care / Sally B. Olds ... [et al.]. 7th ed. c2004. |
| 504 ## - BIBLIOGRAPHY, ETC. NOTE | |
| Bibliography, etc | Includes bibliographical reference and index. |
| 505 0# - FORMATTED CONTENTS NOTE | |
| Formatted contents note | Antepartal client -- At-risk antepartal -- Intrapartal client -- At-risk intrapartal -- Normal newborn -- At risk newborn -- Postpartal client -- Family planning -- Home care of postpartal family -- At risk postpartal client. |
| 650 #7 - SUBJECT ADDED ENTRY--TOPICAL TERM | |
| Topical term or geographic name as entry element | Maternity nursing |
| Form subdivision | Handbooks, manuals, etc. |
| Source of heading or term | BUEsh |
| 9 (RLIN) | 22312 |
| 650 #7 - SUBJECT ADDED ENTRY--TOPICAL TERM | |
| Topical term or geographic name as entry element | Newborn infants |
| General subdivision | Diseases |
| -- | Nursing |
| Form subdivision | Handbooks, manuals, etc. |
| Source of heading or term | BUEsh |
| 651 ## - SUBJECT ADDED ENTRY--GEOGRAPHIC NAME | |
| Source of heading or term | BUEsh |
| 653 ## - INDEX TERM--UNCONTROLLED | |
| Resource For college | Generalities |
| -- | Nursing |
| Arrived date list | March2018 |
| 700 1# - ADDED ENTRY--PERSONAL NAME | |
| Personal name | Davidson, Michele R. |
| 700 1# - ADDED ENTRY--PERSONAL NAME | |
| Personal name | London, Marcia L. |
| 856 41 - ELECTRONIC LOCATION AND ACCESS | |
| Materials specified | Table of contents only |
| Uniform Resource Identifier | <a href="http://www.loc.gov/catdir/toc/ecip077/2006102687.html">http://www.loc.gov/catdir/toc/ecip077/2006102687.html</a> |
| 942 ## - ADDED ENTRY ELEMENTS (KOHA) | |
| Source of classification or shelving scheme | Dewey Decimal Classification |
| Withdrawn status | Item status | Source of classification or shelving scheme | Damaged status | Not for loan | Vendor | Home library | Current library | Shelving location | Date acquired | Source of acquisition | Cost, normal purchase price | Serial Enumeration / chronology | Total Checkouts | Total Renewals | Full call number | Barcode | Checked out | Date last seen | Date last borrowed | Cost, replacement price | Koha item type |
|---|---|---|---|---|---|---|---|---|---|---|---|---|---|---|---|---|---|---|---|---|---|
| Dewey Decimal Classification | Baccah | Central Library | Central Library | First floor | 04/03/2018 | Purchase | 228.00 | 20677 | 1 | 2 | 618.20231 LAD | 000047331 | 21/11/2022 | 19/07/2022 | 19/07/2022 | 285.00 | Book - Borrowing |